00267nam a2200121Ia 4500100002700000650001300027366000700040245002700047260003300074082001300107300000800120546001700128 aChattopadhyay/Santanu  aEmbedded f20 aEmbedded system design bPrentice Hall of Indiac2010 a3.3bCHA a186 aENGLISHcTTL